First and Last Letters II Quiz Stats

Quiz Updated Mar 13, 2012

Challenge
Share
Tweet
Embed
Score 0/34 Timer 05:00
3 Plays Today
Hint Word % Correct
_ U I E _QUIET
69.3%
_ V O R _IVORY
63.9%
_ A G M _MAGMA
58.8%
_ U X O _BUXOM
57.7%
_ S A G _USAGE
56.8%
_ L I R _FLIRT
56.1%
_ N O C _KNOCK
55.9%
_ N Z I _UNZIP
54.5%
_ U E U _QUEUE
49.8%
_ R Y S _TRYST
49%
_ A G L _EAGLE
47.4%
_ W L E _OWLET
46.7%
_ B E S _OBESE
41.6%
_ T O I _STOIC
40.7%
_ S U A _USUAL
36.2%
_ W I C _TWICE
36.2%
_ G I N _AGING
34.8%
Hint Word % Correct
_ T H I _ETHIC
33.5%
_ Y N I _CYNIC
33.4%
_ S I N _USING
33.1%
_ H O I _CHOIR
31.9%
_ M O N _AMONG
31.5%
_ F F I _AFFIX
30.1%
_ R R E _ERRED
28.8%
_ L I B _ALIBI
28.4%
_ I S I _VISIT
28.4%
_ U V E _DUVET
28.1%
_ Y E N _HYENA
27.4%
_ E C E _FECES
26.5%
_ D I F _EDIFY
24.5%
_ D I E _ADIEU
23.4%
_ I D T _WIDTH
22.8%
_ I O S _KIOSK
21.8%
_ S A L _PSALM
17.7%

You're not logged in!

Compare scores with friends on all Sporcle quizzes.
Join for Free
OR
Log In

You Might Also Like...

Show Comments

Extras

Top Quizzes Today


Score Distribution

Your Account Isn't Verified!

In order to create a playlist on Sporcle, you need to verify the email address you used during registration. Go to your Sporcle Settings to finish the process.

Report this User

Report this user for behavior that violates our Community Guidelines.

Details: